[Event "Mittelfrank Regionalliga Sud-Ost 2223"]
[Site "Mittelfranken"]
[Date "2023.03.05"]
[Round "7.7"]
[White "Boehm, Bruno"]
[Black "Sadlo, Philipp"]
[Result "1/2-1/2"]
[WhiteElo "1747"]
[BlackElo "1531"]
[PlyCount "56"]
[EventDate "2022.10.09"]
[EventType "team-tourn"]
[EventRounds "9"]
[EventCountry "GER"]
[SourceTitle "EXT 2024"]
[Source "ChessBase"]
[SourceDate "2023.10.10"]
[SourceVersion "1"]
[SourceVersionDate "2023.10.10"]
[SourceQuality "1"]
[WhiteTeam "Freising"]
[BlackTeam "Landshut"]
[WhiteTeamCountry "GER"]
[BlackTeamCountry "GER"]

1. d4 e6 2. c4 d5 3. Nc3 Nf6 4. cxd5 exd5 5. Bg5 Be7 6. e3 0-0 7. Bd3 h6 8. Bh4 c6 9. Nge2 Bg4 10. f3 Be6 11. 0-0 Nbd7 12. Qc2 Nb6 13. Rad1 Nc4 14. Bf2 Bd6 15. e4 dxe4 16. Nxe4 Nxe4 17. fxe4 Nb6 18. e5 Be7 19. Bf5 Bxf5 20. Qxf5 Nd5 21. Rd3 g6 22. Qe4 Qe8 23. Rb3 Rb8 24. h4 f5 25. exf6 Bxf6 26. Qc2 Bxh4 27. Ng3 Bxg3 28. Rxg3 Kh7 1/2-1/2

[Event "Mittelfrank Regionalliga Sud-Ost 2223"]
[Site "Mittelfranken"]
[Date "2022.10.23"]
[Round "2.7"]
[White "Boehm, Bruno"]
[Black "Kreutner, Maximilian"]
[Result "0-1"]
[WhiteElo "1747"]
[BlackElo "1941"]
[PlyCount "116"]
[EventDate "2022.10.09"]
[EventType "team-tourn"]
[EventRounds "9"]
[EventCountry "GER"]
[SourceTitle "EXT 2024"]
[Source "ChessBase"]
[SourceDate "2023.10.10"]
[SourceVersion "1"]
[SourceVersionDate "2023.10.10"]
[SourceQuality "1"]
[WhiteTeam "Freising"]
[BlackTeam "Passau II"]
[WhiteTeamCountry "GER"]
[BlackTeamCountry "GER"]

1. d4 Nf6 2. c4 e6 3. Nc3 d5 4. cxd5 exd5 5. Bg5 Be7 6. e3 0-0 7. Bd3 Nbd7 8. Nge2 c6 9. Qc2 a5 10. 0-0 Re8 11. f3 h6 12. Bh4 c5 13. Bb5 cxd4 14. Nxd4 Rf8 15. Rad1 Nb6 16. Kh1 Bd7 17. Bd3 Qc8 18. e4 dxe4 19. fxe4 Nfd5 20. Nxd5 Nxd5 21. Qf2 Bxh4 22. Qxh4 Nb4 23. Rc1 Qd8 24. Qxd8 Raxd8 25. Bb1 Nc6 26. Nf3 Be6 27. a3 Rd7 28. Bc2 Nd4 29. Ba4 Rd6 30. Rfd1 Rfd8 31. e5 Rd5 32. Re1 Nxf3 33. gxf3 Rd2 34. Red1 g5 35. Rxd2 Rxd2 36. Rc2 Rd3 37. Rc3 Rd2 38. Rc2 Rd4 39. Bb5 Bh3 40. Be2 Rd5 41. f4 gxf4 42. Kg1 Rxe5 43. Kf2 Bf5 44. Rc4 Be4 45. b4 axb4 46. axb4 Kg7 47. h4 f5 48. Rc7+ Kf6 49. Rh7 Kg6 50. Rd7 Re6 51. Bc4 Rc6 52. Be2 Rc2 53. Rd6+ Kg7 54. Ke1 f3 55. Bd3 Rh2 56. h5 Rxh5 57. Rd7+ Kf6 58. Bc4 Rh2 0-1

[Event "Regionalliga SW 0304"]
[Site "Bayern"]
[Date "2004.01.18"]
[Round "5.8"]
[White "Boehm, Bruno"]
[Black "Bongartz, Philipp"]
[Result "0-1"]
[WhiteElo "1799"]
[BlackElo "1861"]
[PlyCount "56"]
[EventDate "2003.10.??"]
[EventType "team"]
[EventRounds "9"]
[EventCountry "GER"]
[SourceTitle "EXT 2006"]
[Source "ChessBase"]
[SourceDate "2005.11.24"]
[SourceVersion "1"]
[SourceVersionDate "2005.11.24"]
[SourceQuality "1"]
[WhiteTeam "Muenchen Suedost"]
[BlackTeam "Unterhaching"]
[WhiteTeamCountry "GER"]
[BlackTeamCountry "GER"]

1. d4 d5 2. c4 c6 3. Nc3 Nf6 4. cxd5 cxd5 5. Bf4 a6 6. e3 e6 7. Bd3 Nc6 8. Rc1 Be7 9. Nf3 0-0 10. Ne5 Nxe5 11. Bxe5 Nd7 12. Bg3 f5 13. Na4 Qa5+ 14. Ke2 b5 15. Nc3 Bb7 16. Qb3 Rac8 17. a3 Nb6 18. Nb1 Nc4 19. f3 Rc6 20. Be1 Qb6 21. Bb4 Bxb4 22. Qxb4 f4 23. Bxc4 dxc4 24. Qe7 e5 25. Rcd1 exd4 26. Rxd4 Re6 27. Qd7 Rxe3+ 28. Kf2 Rd3 0-1

[Event "Regionalliga SW 0304"]
[Site "Bayern"]
[Date "2003.11.23"]
[Round "3.7"]
[White "Hosseini, Manouchehr"]
[Black "Boehm, Bruno"]
[Result "1-0"]
[WhiteElo "1937"]
[BlackElo "1799"]
[PlyCount "137"]
[EventDate "2003.10.??"]
[EventType "team"]
[EventRounds "9"]
[EventCountry "GER"]
[SourceTitle "EXT 2006"]
[Source "ChessBase"]
[SourceDate "2005.11.24"]
[SourceVersion "1"]
[SourceVersionDate "2005.11.24"]
[SourceQuality "1"]
[WhiteTeam "Muenchen 77 Nord"]
[BlackTeam "Muenchen Suedost"]
[WhiteTeamCountry "GER"]
[BlackTeamCountry "GER"]

1. e4 c5 2. Nc3 e6 3. g3 d5 4. exd5 exd5 5. Bg2 d4 6. Qe2+ Be7 7. Nd5 Nc6 8. d3 Be6 9. Nf4 Bd7 10. Nf3 Nf6 11. 0-0 0-0 12. Ne5 Rc8 13. Nxd7 Nxd7 14. Nd5 Bd6 15. Qg4 Nf6 16. Nxf6+ Qxf6 17. Bg5 Ne5 18. Qxc8 Qxg5 19. f4 Qh6 20. Qh3 Qxh3 21. Bxh3 Nc6 22. a3 b6 23. Rfe1 Rd8 24. Re2 Kf8 25. Bg2 Ne7 26. Be4 g6 27. b4 h6 28. bxc5 Bxc5 29. a4 Bb4 30. Kf2 Rd7 31. h3 Rc7 32. Rb1 a5 33. g4 Rc3 34. Ra1 Rc5 35. Bf3 Rc7 36. Be4 Rc5 37. Kg3 Rc7 38. Rf2 Bd6 39. Kg2 Bb4 40. f5 g5 41. h4 f6 42. hxg5 hxg5 43. Kf3 Rc3 44. Rh2 Ke8 45. Rh8+ Kd7 46. Rh6 Nc6 47. Bxc6+ Rxc6 48. Rh2 Rc5 49. Re2 b5 50. axb5 Rxb5 51. Re6 Re5 52. Rxe5 fxe5 53. Ke4 Kd6 54. f6 Ke6 55. Rf1 a4 56. f7 Bf8 57. Rf5 a3 58. Rxe5+ Kxf7 59. Ra5 Bb4 60. Ra4 Be7 61. Kxd4 Bf6+ 62. Kc4 Bb2 63. Kd5 Ke7 64. c4 Kd7 65. Ra7+ Kc8 66. c5 Kb8 67. Ra4 Kc7 68. Kc4 Kb7 69. d4 1-0

[Event "Munich-ch VM2"]
[Site "Munich"]
[Date "2003.01.18"]
[Round "2"]
[White "Monninger, Moritz Franz"]
[Black "Boehm, Bruno"]
[Result "1/2-1/2"]
[WhiteElo "1906"]
[BlackElo "1836"]
[PlyCount "59"]
[EventDate "2003.01.17"]
[EventType "tourn"]
[EventRounds "9"]
[EventCountry "GER"]
[SourceTitle "EXT 2006"]
[Source "ChessBase"]
[SourceDate "2005.11.24"]
[SourceVersion "1"]
[SourceVersionDate "2005.11.24"]
[SourceQuality "1"]

1. d4 d5 2. c4 e6 3. Nc3 c5 4. cxd5 cxd4 5. Qxd4 Nc6 6. Qd1 exd5 7. Nf3 d4 8. Ne4 Bf5 9. Ng3 Bg6 10. a3 Bc5 11. e4 dxe3 12. Qxd8+ Rxd8 13. Bxe3 Bxe3 14. fxe3 Nge7 15. e4 Nd4 16. Nxd4 Rxd4 17. Bb5+ Nc6 18. 0-0 0-0 19. Bxc6 bxc6 20. Rac1 Bxe4 21. Nxe4 Rxe4 22. Rxc6 a5 23. Rc7 a4 24. Rd1 g6 25. Rdd7 Re2 26. Rb7 Rc2 27. h3 Rc4 28. Kf2 h5 29. Kf3 Kg7 30. Rbc7 1/2-1/2